[Event "Oberliga Ost B 2018 2019"]
[Site "?"]
[Date "2018.12.15"]
[Round "4.5"]
[White "Meyer, Kai Christian"]
[Black "Nies, Peter"]
[Result "1/2-1/2"]
[WhiteElo "2188"]
[BlackElo "2069"]
[PlyCount "46"]
[EventDate "2018.10.21"]
[EventType "team-tourn"]
[EventCountry "GER"]
[WhiteTeam "Schoeneck SF"]
[BlackTeam "Gernsheim SK"]
[WhiteTeamCountry "GER"]
[BlackTeamCountry "GER"]

1. d4 e6 2. Nf3 Nf6 3. g3 b6 4. Bg2 Bb7 5. O-O c5 6. c4 cxd4 7. Nxd4 Bxg2 8.
Kxg2 Qc8 9. Qa4 Qb7+ 10. f3 Nc6 11. Nxc6 Qxc6 12. Qxc6 dxc6 13. Be3 Nd7 14. Bd4
f6 15. Rd1 a5 16. Nc3 Bc5 17. Na4 Ke7 18. Nxc5 Nxc5 19. Rd2 Rhd8 20. Rad1 e5
21. Bxc5+ bxc5 22. Rxd8 Rxd8 23. Rxd8 Kxd8 1/2-1/2

[Event "Oberliga Ost B 2018 2019"]
[Site "?"]
[Date "2018.12.15"]
[Round "4.6"]
[White "Rosenberger, Frank"]
[Black "Del Rio, Roland"]
[Result "0-1"]
[WhiteElo "2015"]
[BlackElo "2200"]
[PlyCount "70"]
[EventDate "2018.10.21"]
[EventType "team-tourn"]
[EventCountry "GER"]
[WhiteTeam "Gernsheim SK"]
[BlackTeam "Schoeneck SF"]
[WhiteTeamCountry "GER"]
[BlackTeamCountry "GER"]

1. e4 c5 2. Nf3 d6 3. d4 cxd4 4. Nxd4 Nf6 5. Nc3 a6 6. Bc4 e6 7. Bb3 Nbd7 8.
Bg5 Nc5 9. f4 Be7 10. Qf3 Qc7 11. O-O O-O 12. Rae1 b5 13. e5 dxe5 14. fxe5 Nxb3
15. Nxb3 Bb7 16. Qh3 Nd5 17. Bxe7 Nxe7 18. Nd2 Ng6 19. Qh5 Rad8 20. Rf2 Rd4 21.
Nce4 Qb6 22. c3 Ra4 23. c4 Bxe4 24. Nxe4 Rxc4 25. g3 Rc2 26. Ref1 Qe3 27. Ng5
h6 28. Nf3 Rd8 29. Kg2 Rxf2+ 30. Rxf2 Rd1 31. h4 Qe4 32. Kh3 Qe3 33. Kg2 Qe4
34. Kh3 Rh1+ 35. Kg2 Rxh4 0-1

[Event "Oberliga Ost B 2018 2019"]
[Site "?"]
[Date "2018.12.15"]
[Round "4.7"]
[White "Mueller, Achim"]
[Black "Mazurek, Robert"]
[Result "1/2-1/2"]
[WhiteElo "2133"]
[BlackElo "2175"]
[PlyCount "43"]
[EventDate "2018.10.21"]
[EventType "team-tourn"]
[EventCountry "GER"]
[WhiteTeam "Schoeneck SF"]
[BlackTeam "Gernsheim SK"]
[WhiteTeamCountry "GER"]
[BlackTeamCountry "GER"]

1. e4 e5 2. Nf3 Nc6 3. Be2 Nf6 4. d4 exd4 5. e5 Ne4 6. O-O d5 7. Bb5 Bd7 8.
Bxc6 Bxc6 9. Nxd4 Bd7 10. Nb3 c6 11. Be3 Be7 12. f3 Ng5 13. f4 Ne4 14. N1d2
Nxd2 15. Qxd2 Bf5 16. Rad1 Bg4 17. Rc1 f6 18. Qf2 O-O 19. Qg3 Qc8 20. h3 Bf5
21. Nd4 Be4 22. f5 1/2-1/2

[Event "Oberliga Ost B 2018 2019"]
[Site "?"]
[Date "2018.12.15"]
[Round "4.8"]
[White "Rolf, Marco"]
[Black "Weiss, Matthias"]
[Result "1/2-1/2"]
[WhiteElo "2045"]
[BlackElo "2020"]
[PlyCount "117"]
[EventDate "2018.10.21"]
[EventType "team-tourn"]
[EventCountry "GER"]
[WhiteTeam "Gernsheim SK"]
[BlackTeam "Schoeneck SF"]
[WhiteTeamCountry "GER"]
[BlackTeamCountry "GER"]

1. d4 Nf6 2. Nf3 g6 3. c4 c5 4. d5 b5 5. cxb5 a6 6. b6 d6 7. Nc3 Nbd7 8. e4 Bg7
9. Be2 O-O 10. O-O Bb7 11. a4 a5 12. Nd2 Nxb6 13. Nc4 Nxc4 14. Bxc4 Ne8 15. Bg5
Nc7 16. Qd2 Na6 17. Bh6 Nb4 18. Bxg7 Kxg7 19. f4 f5 20. Rae1 fxe4 21. Nxe4 Bc8
22. Ng5 Ra7 23. h4 Rf6 24. Ne4 Rf8 25. h5 Bf5 26. Qc3+ Kg8 27. hxg6 hxg6 28.
Ng5 Rf6 29. Re2 Qf8 30. g3 Qg7 31. Rfe1 Bg4 32. Rh2 Rf8 33. Qxg7+ Kxg7 34. Rh7+
Kg8 35. Rexe7 Rxe7 36. Rxe7 Rb8 37. Ne6 Bf5 38. Rg7+ Kh8 39. Ra7 Nc2 40. Bb5
Nd4 41. Rxa5 Nxe6 42. dxe6 Bxe6 43. Ra6 Rd8 44. a5 Bd5 45. Bc6 Bxc6 46. Rxc6
Kg7 47. Kf2 Kf6 48. Kf3 Ke6 49. Rb6 Kd5 50. Ke3 Re8+ 51. Kd2 Re4 52. Rb8 Ra4
53. Rg8 Rxa5 54. Rxg6 Ra4 55. f5 Rd4+ 56. Ke3 Rb4 57. f6 Ke6 58. f7+ Kxf7 59.
Rxd6 1/2-1/2

[Event "Oberliga Ost B 2018 2019"]
[Site "?"]
[Date "2018.12.15"]
[Round "4.1"]
[White "Lubbe, Nikolas"]
[Black "Grabarczyk, Bogdan"]
[Result "1-0"]
[WhiteElo "2449"]
[BlackElo "2373"]
[PlyCount "81"]
[EventDate "2018.10.21"]
[EventType "team-tourn"]
[EventCountry "GER"]
[WhiteTeam "Neuberg SF"]
[BlackTeam "Griesheim SV II"]
[WhiteTeamCountry "GER"]
[BlackTeamCountry "GER"]

1. Nf3 f5 2. d3 d6 3. e4 e5 4. Nc3 c5 5. g3 Nf6 6. Nh4 Nc6 7. Nxf5 Bxf5 8. exf5
Qd7 9. g4 h5 10. g5 Ng8 11. h4 Nd4 12. Bh3 Nxf5 13. f4 Nge7 14. fxe5 dxe5 15.
Ne4 O-O-O 16. Be3 Nd5 17. Bxc5 Kb8 18. Qf3 Bxc5 19. Nxc5 Qb5 20. Qxf5 Qxc5 21.
Qxe5+ Ka8 22. O-O-O Rhe8 23. Be6 Qb6 24. Qxd5 Rxd5 25. Bxd5 Re2 26. d4 Qc7 27.
Bb3 a5 28. a4 Qd6 29. Kb1 Re4 30. d5 b5 31. axb5 Rb4 32. Rhe1 a4 33. Ba2 Rxb5
34. Re4 Rb4 35. Rxb4 Qxb4 36. d6 Qg4 37. Bd5+ Kb8 38. Rd3 Kc8 39. Ka2 Kd7 40.
Ka3 Qxh4 41. Be6+ 1-0

[Event "Oberliga Ost B 2018 2019"]
[Site "?"]
[Date "2018.12.15"]
[Round "4.2"]
[White "Braun, Vitali"]
[Black "Lubbe, Melanie"]
[Result "1/2-1/2"]
[WhiteElo "2377"]
[BlackElo "2345"]
[PlyCount "89"]
[EventDate "2018.10.21"]
[EventType "team-tourn"]
[EventCountry "GER"]
[WhiteTeam "Griesheim SV II"]
[BlackTeam "Neuberg SF"]
[WhiteTeamCountry "GER"]
[BlackTeamCountry "GER"]

1. d4 Nf6 2. c4 g6 3. Nc3 Bg7 4. Nf3 O-O 5. e4 d6 6. Be2 e5 7. O-O Nc6 8. d5
Ne7 9. b4 Nh5 10. Re1 f5 11. Ng5 Nf6 12. Bf3 c6 13. Bb2 h6 14. Ne6 Bxe6 15.
dxe6 fxe4 16. Nxe4 Nxe4 17. Rxe4 Rf6 18. c5 Rxe6 19. cxd6 Qxd6 20. Qxd6 Rxd6
21. Bxe5 Bxe5 22. Rxe5 Nf5 23. Be4 Rad8 24. g3 Rf8 25. b5 cxb5 26. Rxb5 b6 27.
Rd5 Kg7 28. Rc1 Rxd5 29. Bxd5 Rd8 30. Rc7+ Kf6 31. Bb3 Nd4 32. Bc4 Nf3+ 33. Kg2
Ne5 34. Bb5 a5 35. Rb7 Rd6 36. a4 g5 37. h3 h5 38. Kf1 g4 39. hxg4 hxg4 40. Ke2
Kf5 41. Ke3 Re6 42. Kd4 Rd6+ 43. Ke3 Re6 44. Kd4 Rd6+ 45. Ke3 1/2-1/2

[Event "Oberliga Ost B 2018 2019"]
[Site "?"]
[Date "2018.12.15"]
[Round "4.3"]
[White "Wahedi, Ahmad Siar"]
[Black "Nothnagel, Holger"]
[Result "1-0"]
[WhiteElo "2290"]
[BlackElo "2317"]
[PlyCount "65"]
[EventDate "2018.10.21"]
[EventType "team-tourn"]
[EventCountry "GER"]
[WhiteTeam "Neuberg SF"]
[BlackTeam "Griesheim SV II"]
[WhiteTeamCountry "GER"]
[BlackTeamCountry "GER"]

1. e4 e6 2. d4 d5 3. Nc3 Bb4 4. e5 c5 5. Bd2 Ne7 6. Nb5 Bxd2+ 7. Qxd2 O-O 8. f4
b6 9. Nf3 Ba6 10. a4 Nbc6 11. Bd3 Bxb5 12. axb5 Nxd4 13. Nxd4 cxd4 14. O-O Qc7
15. Ra4 f5 16. exf6 Rxf6 17. Re1 Rxf4 18. Rxe6 Raf8 19. Qe1 Ng6 20. g3 Rf2 21.
Re8 Rxe8 22. Qxe8+ Rf8 23. Qe6+ Qf7 24. Qxf7+ Rxf7 25. Rxd4 Ne5 26. Rxd5 Re7
27. Be2 Kf7 28. Kf2 Ke6 29. c4 Rc7 30. b3 g6 31. Ke3 Rf7 32. Ke4 Rf5 33. g4 1-0

[Event "Oberliga Ost B 2018 2019"]
[Site "?"]
[Date "2018.12.15"]
[Round "4.4"]
[White "De Visser, Leon"]
[Black "Lutz, Klaus Juergen"]
[Result "1/2-1/2"]
[WhiteElo "2223"]
[BlackElo "2217"]
[PlyCount "37"]
[EventDate "2018.10.21"]
[EventType "team-tourn"]
[EventCountry "GER"]
[WhiteTeam "Griesheim SV II"]
[BlackTeam "Neuberg SF"]
[WhiteTeamCountry "GER"]
[BlackTeamCountry "GER"]

1. d4 d6 2. Nf3 f5 3. g3 Nf6 4. Bg2 g6 5. c3 c6 6. O-O Bg7 7. Qb3 Qb6 8. Nbd2
Qxb3 9. axb3 O-O 10. Nc4 Na6 11. Nfd2 Ne8 12. f4 d5 13. Ne5 Nd6 14. Ndf3 Nc7
15. Be3 Nce8 16. Nd3 Ne4 17. Nfe5 N8d6 18. Ra4 Be6 19. Rc1 1/2-1/2

[Event "Oberliga Ost B 2018 2019"]
[Site "?"]
[Date "2018.12.15"]
[Round "4.5"]
[White "Seifert, Christopher"]
[Black "Flach, Erich"]
[Result "1/2-1/2"]
[WhiteElo "2325"]
[BlackElo "2096"]
[PlyCount "82"]
[EventDate "2018.10.21"]
[EventType "team-tourn"]
[EventCountry "GER"]
[WhiteTeam "Neuberg SF"]
[BlackTeam "Griesheim SV II"]
[WhiteTeamCountry "GER"]
[BlackTeamCountry "GER"]

1. c4 c5 2. g3 g6 3. Bg2 Bg7 4. Nc3 Nc6 5. d3 a6 6. e4 b5 7. Nge2 Rb8 8. O-O e6
9. Bf4 d6 10. Qd2 Nd4 11. Rab1 b4 12. Nd1 Qc7 13. Rc1 Nxe2+ 14. Qxe2 Ne7 15. g4
Nc6 16. Ne3 Nd4 17. Qd2 h5 18. h3 Bb7 19. Nc2 Nc6 20. Ne3 Nd4 21. Nc2 Nc6 22.
Ne3 hxg4 23. hxg4 Nd4 24. Bg3 g5 25. Nc2 Qe7 26. Rfe1 Rd8 27. Nxd4 Bxd4 28. a3
a5 29. Ra1 f6 30. axb4 axb4 31. Ra7 Be5 32. d4 Bxg3 33. fxg3 e5 34. Rf1 O-O 35.
d5 Rd7 36. Rfa1 Bc8 37. Rxd7 Qxd7 38. Bf3 Kg7 39. b3 Kg6 40. Ra8 Rh8 41. Qa2
Qh7 1/2-1/2

[Event "Oberliga Ost B 2018 2019"]
[Site "?"]
[Date "2018.12.15"]
[Round "4.6"]
[White "Schnitzspan, Lothar"]
[Black "Koller, Jens"]
[Result "1-0"]
[WhiteElo "2266"]
[BlackElo "2178"]
[PlyCount "57"]
[EventDate "2018.10.21"]
[EventType "team-tourn"]
[EventCountry "GER"]
[WhiteTeam "Griesheim SV II"]
[BlackTeam "Neuberg SF"]
[WhiteTeamCountry "GER"]
[BlackTeamCountry "GER"]

1. Nf3 Nf6 2. c4 g6 3. Nc3 d6 4. g3 Bg7 5. Bg2 O-O 6. O-O e5 7. b4 c6 8. Ba3
Re8 9. Rc1 Nbd7 10. b5 Nf8 11. bxc6 bxc6 12. Qa4 Qc7 13. Ng5 Bd7 14. Nge4 Nxe4
15. Nxe4 Re6 16. Rb1 f5 17. Nc3 e4 18. Qb4 Bc8 19. Rfc1 Qd8 20. d3 d5 21. cxd5
cxd5 22. Qc5 Re5 23. d4 Re8 24. Qxd5+ Be6 25. Qxd8 Rexd8 26. e3 Nd7 27. Bf1 Nb6
28. Bc5 Nc4 29. Nxe4 1-0

[Event "Oberliga Ost B 2018 2019"]
[Site "?"]
[Date "2018.12.15"]
[Round "4.7"]
[White "Sergin, Mark"]
[Black "Hahn, Werner"]
[Result "1-0"]
[WhiteElo "2186"]
[BlackElo "2171"]
[PlyCount "45"]
[EventDate "2018.10.21"]
[EventType "team-tourn"]
[EventCountry "GER"]
[WhiteTeam "Neuberg SF"]
[BlackTeam "Griesheim SV II"]
[WhiteTeamCountry "GER"]
[BlackTeamCountry "GER"]

1. e4 c5 2. Nc3 a6 3. Nf3 d6 4. d4 cxd4 5. Nxd4 Nf6 6. Bc4 e6 7. Bb3 Nbd7 8.
Bg5 Nc5 9. Qe2 Be7 10. f4 h6 11. Bxf6 Bxf6 12. O-O-O Qc7 13. f5 Nxb3+ 14. axb3
O-O 15. g4 b5 16. h4 Re8 17. g5 hxg5 18. hxg5 Bxg5+ 19. Kb1 b4 20. Qh5 Bh6 21.
Rdg1 Kf8 22. f6 Qc5 23. Qxh6 1-0

[Event "Oberliga Ost B 2018 2019"]
[Site "?"]
[Date "2018.12.15"]
[Round "4.1"]
[White "Chojnacki, Krzysztof"]
[Black "Henrich, Thomas"]
[Result "1-0"]
[WhiteElo "2367"]
[BlackElo "2217"]
[PlyCount "57"]
[EventDate "2018.10.21"]
[EventType "team-tourn"]
[EventCountry "GER"]
[WhiteTeam "Wiesbadener SV"]
[BlackTeam "Marburg SK"]
[WhiteTeamCountry "GER"]
[BlackTeamCountry "GER"]

1. d4 Nf6 2. c4 c5 3. d5 b5 4. cxb5 a6 5. bxa6 g6 6. Nc3 Bg7 7. e4 O-O 8. Nf3
Qa5 9. Bd2 Bxa6 10. Be2 d6 11. O-O Bxe2 12. Qxe2 Qa6 13. Qd1 Nbd7 14. Qc2 Rfb8
15. h3 Ne8 16. Bg5 Kf8 17. Rfe1 Qc4 18. Qd2 Ne5 19. Nxe5 Bxe5 20. Re2 Nc7 21.
Rae1 f6 22. Bf4 Bxc3 23. bxc3 Nb5 24. e5 dxe5 25. Bxe5 fxe5 26. Qh6+ Kg8 27.
Rxe5 Qxc3 28. Rxe7 Qh8 29. R1e6 1-0

[Event "Oberliga Ost B 2018 2019"]
[Site "?"]
[Date "2018.12.15"]
[Round "4.2"]
[White "Alber, Horst"]
[Black "Geske, Julian"]
[Result "0-1"]
[WhiteElo "2284"]
[BlackElo "2372"]
[PlyCount "62"]
[EventDate "2018.10.21"]
[EventType "team-tourn"]
[EventCountry "GER"]
[WhiteTeam "Marburg SK"]
[BlackTeam "Wiesbadener SV"]
[WhiteTeamCountry "GER"]
[BlackTeamCountry "GER"]

1. d4 Nf6 2. c4 g6 3. Nc3 Bg7 4. e4 O-O 5. Nf3 d6 6. Be2 e5 7. O-O exd4 8. Nxd4
Re8 9. f3 c6 10. Nc2 Na6 11. Kh1 Nc7 12. Bf4 d5 13. exd5 cxd5 14. c5 Ne6 15.
Bd6 d4 16. Ne4 Bf8 17. Bxf8 Rxf8 18. Nb4 Nxe4 19. fxe4 Nxc5 20. Nd5 Nxe4 21.
Qxd4 f5 22. Bc4 Be6 23. Rad1 Rc8 24. Qe5 Re8 25. Nc7 Nf2+ 26. Kg1 Nxd1 27.
Bxe6+ Rxe6 28. Qxe6+ Kf8 29. Nd5 Nxb2 30. g4 Nd3 31. Kh1 Rc6 0-1

[Event "Oberliga Ost B 2018 2019"]
[Site "?"]
[Date "2018.12.15"]
[Round "4.3"]
[White "Gottschalk, Jens"]
[Black "Rolle, Eric"]
[Result "1/2-1/2"]
[WhiteElo "2272"]
[BlackElo "2206"]
[PlyCount "52"]
[EventDate "2018.10.21"]
[EventType "team-tourn"]
[EventCountry "GER"]
[WhiteTeam "Wiesbadener SV"]
[BlackTeam "Marburg SK"]
[WhiteTeamCountry "GER"]
[BlackTeamCountry "GER"]

1. d4 d5 2. c4 c6 3. Nf3 Nf6 4. e3 g6 5. Nc3 Bg7 6. Be2 O-O 7. O-O a6 8. Ne5
Be6 9. b3 dxc4 10. bxc4 b5 11. Bf3 bxc4 12. Nxc6 Nxc6 13. Bxc6 Rc8 14. Qa4 Nd5
15. Bxd5 Bxd5 16. Ba3 Re8 17. Rac1 e5 18. Bc5 exd4 19. Bxd4 Bc6 20. Qxa6 Bxd4
21. exd4 Qxd4 22. h3 Qf4 23. Rce1 Ba8 24. a4 Qg5 25. f3 Kg7 26. Qb5 Qxb5
1/2-1/2

[Event "Oberliga Ost B 2018 2019"]
[Site "?"]
[Date "2018.12.15"]
[Round "4.4"]
[White "Duncker, Joachim"]
[Black "Nehmert, Ulrich"]
[Result "0-1"]
[WhiteElo "2187"]
[BlackElo "2226"]
[PlyCount "70"]
[EventDate "2018.10.21"]
[EventType "team-tourn"]
[EventCountry "GER"]
[WhiteTeam "Marburg SK"]
[BlackTeam "Wiesbadener SV"]
[WhiteTeamCountry "GER"]
[BlackTeamCountry "GER"]

1. e4 c5 2. Nc3 e6 3. g3 g6 4. Bg2 Bg7 5. Nge2 Nc6 6. O-O Nge7 7. a3 O-O 8. Rb1
Nd4 9. b4 cxb4 10. axb4 d6 11. Nxd4 Bxd4 12. Nb5 Bg7 13. Bb2 Bxb2 14. Rxb2 e5
15. d4 Qb6 16. c4 a6 17. dxe5 axb5 18. exd6 bxc4 19. dxe7 Re8 20. Qc1 Be6 21.
Kh1 Rxe7 22. f4 f6 23. f5 gxf5 24. exf5 Bf7 25. Qh6 Rae8 26. Rbb1 Re2 27. Rg1
Rxg2 28. Rxg2 Bd5 29. Qd2 Qc6 30. b5 c3 31. Qf2 c2 32. Rc1 Qxb5 33. Qxc2 Qe2
34. Qxe2 Rxe2 35. Rcg1 b5 0-1

[Event "Oberliga Ost B 2018 2019"]
[Site "?"]
[Date "2018.12.15"]
[Round "4.5"]
[White "Minor, Samuel"]
[Black "Neidhardt, Helge"]
[Result "1/2-1/2"]
[WhiteElo "2240"]
[BlackElo "2066"]
[PlyCount "61"]
[EventDate "2018.10.21"]
[EventType "team-tourn"]
[EventCountry "GER"]
[WhiteTeam "Wiesbadener SV"]
[BlackTeam "Marburg SK"]
[WhiteTeamCountry "GER"]
[BlackTeamCountry "GER"]

1. e4 e5 2. Nf3 Nc6 3. Bc4 Bc5 4. c3 Nf6 5. d3 a6 6. Nbd2 O-O 7. O-O d6 8. Bb3
Re8 9. Re1 Ng4 10. Re2 Be6 11. h3 Nf6 12. Bc2 h6 13. Nf1 Ba7 14. d4 Bd7 15. Ng3
b5 16. Be3 Na5 17. b3 c5 18. Qd2 cxd4 19. cxd4 Nc6 20. Rd1 Rc8 21. Bxh6 gxh6
22. Qxh6 Nxd4 23. Rxd4 Bxd4 24. Ng5 Be6 25. b4 Rc3 26. Kh2 Rxg3 27. fxg3 Nd7
28. Qh7+ Kf8 29. Qh6+ Kg8 30. Qh7+ Kf8 31. Qh6+ 1/2-1/2

[Event "Oberliga Ost B 2018 2019"]
[Site "?"]
[Date "2018.12.15"]
[Round "4.6"]
[White "Nekhamkis, Genadi"]
[Black "Ungurean, Florin Ioan"]
[Result "1/2-1/2"]
[WhiteElo "2129"]
[BlackElo "2003"]
[PlyCount "126"]
[EventDate "2018.10.21"]
[EventType "team-tourn"]
[EventCountry "GER"]
[WhiteTeam "Marburg SK"]
[BlackTeam "Wiesbadener SV"]
[WhiteTeamCountry "GER"]
[BlackTeamCountry "GER"]

1. e4 c5 2. Nf3 e6 3. d4 cxd4 4. c3 dxc3 5. Nxc3 Nc6 6. Bc4 a6 7. O-O Be7 8.
Qe2 d6 9. Rd1 Bd7 10. Bf4 e5 11. Be3 Nf6 12. Rd2 O-O 13. h3 Rc8 14. Rad1 b5 15.
Bd5 h6 16. a3 Na5 17. Rd3 Qc7 18. Ba2 Be6 19. Bxe6 fxe6 20. g4 Nc4 21. g5 Nh5
22. Nh4 Nf4 23. Bxf4 Rxf4 24. Ng6 hxg5 25. Nxf4 exf4 26. Kh1 Ne5 27. R3d2 f3
28. Qf1 Kf7 29. Rc2 Rh8 30. Rdc1 Qb8 31. Kg1 g4 32. Nd1 Qb7 33. Qe1 Nd3 34. Qe3
Nxc1 35. Rxc1 Kg6 36. Qd3 e5 37. Ne3 g3 38. fxg3 Qb6 39. Kh2 Bg5 40. Rc3 Bxe3
41. Qxe3 Qxe3 42. Rxe3 Rc8 43. Rxf3 Rc2+ 44. Kg1 Rxb2 45. Rd3 Kh5 46. Rxd6 Rb3
47. Rxa6 Rxg3+ 48. Kf2 Rxh3 49. Re6 Rb3 50. Rxe5+ Kg4 51. Rf5 g6 52. Rf6 Kg5
53. Ra6 Kf4 54. a4 b4 55. Rxg6 Kxe4 56. a5 Kd4 57. Ke2 Ra3 58. Kd2 Ra1 59. Kc2
Kc4 60. Kb2 Rh1 61. a6 Rh2+ 62. Kb1 Rh1+ 63. Kb2 Rh2+ 1/2-1/2

[Event "Oberliga Ost B 2018 2019"]
[Site "?"]
[Date "2018.12.15"]
[Round "4.7"]
[White "Scheitz, Michael"]
[Black "Heiling, Thomas"]
[Result "1-0"]
[WhiteElo "2062"]
[BlackElo "2230"]
[PlyCount "71"]
[EventDate "2018.10.21"]
[EventType "team-tourn"]
[EventCountry "GER"]
[WhiteTeam "Wiesbadener SV"]
[BlackTeam "Marburg SK"]
[WhiteTeamCountry "GER"]
[BlackTeamCountry "GER"]

1. c4 Nf6 2. Nc3 c5 3. Nf3 b6 4. d4 cxd4 5. Nxd4 Bb7 6. f3 d6 7. e4 e6 8. Be3
Nbd7 9. Be2 a6 10. Qd2 Be7 11. O-O h5 12. a4 O-O 13. a5 Rc8 14. Nb3 Nc5 15. Qc2
Nfd7 16. Rfd1 Bg5 17. Bf2 Qe7 18. axb6 f5 19. Na5 fxe4 20. Nxb7 Nxb7 21. Qxe4
Ne5 22. Bd3 Nxd3 23. Qxd3 a5 24. Ne4 Bf4 25. b3 Rfd8 26. Nc3 Be5 27. Rac1 Nc5
28. Qb1 h4 29. Ne4 Na6 30. Be3 d5 31. cxd5 Rxc1 32. Qxc1 exd5 33. Bg5 Bf6 34.
Nxf6+ gxf6 35. Bxh4 Qb4 36. Bxf6 1-0

[Event "Oberliga Ost B 2018 2019"]
[Site "?"]
[Date "2018.12.15"]
[Round "4.8"]
[White "Foermes, Alexander"]
[Black "Boehmer, Thomas"]
[Result "1-0"]
[WhiteElo "2052"]
[BlackElo "1977"]
[PlyCount "65"]
[EventDate "2018.10.21"]
[EventType "team-tourn"]
[EventCountry "GER"]
[WhiteTeam "Marburg SK"]
[BlackTeam "Wiesbadener SV"]
[WhiteTeamCountry "GER"]
[BlackTeamCountry "GER"]

1. d4 Nf6 2. Bf4 e6 3. e3 b6 4. Nf3 Bb7 5. Be2 Be7 6. h3 d6 7. O-O Nbd7 8. a4
a5 9. c3 Ne4 10. Nbd2 g5 11. Bh2 h5 12. Nxe4 Bxe4 13. Nd2 Bg6 14. e4 e5 15. Bb5
Bf6 16. Bc6 exd4 17. Bxa8 Qxa8 18. cxd4 Bxd4 19. Nc4 Bg7 20. Bxd6 cxd6 21. Qxd6
Qb8 22. Qd5 Ne5 23. Qb5+ Ke7 24. Nxb6 Rd8 25. Qxa5 Kf8 26. Rad1 g4 27. hxg4 h4
28. Rxd8+ Qxd8 29. Rc1 Ke7 30. Qb4+ Kf6 31. Nd5+ Ke6 32. Rc8 Qd7 33. Qb6+ 1-0

[Event "Oberliga Ost B 2018 2019"]
[Site "?"]
[Date "2018.12.15"]
[Round "4.1"]
[White "Schmidt Schaeffer, Sebastian"]
[Black "Kuznecovs, Nikita"]
[Result "0-1"]
[WhiteElo "2360"]
[BlackElo "2256"]
[PlyCount "70"]
[EventDate "2018.10.21"]
[EventType "team-tourn"]
[EventCountry "GER"]
[WhiteTeam "Naumburger SV"]
[BlackTeam "Stadtilm SG BW"]
[WhiteTeamCountry "GER"]
[BlackTeamCountry "GER"]

1. e4 e6 2. f4 d5 3. e5 c5 4. Nf3 Nc6 5. c3 Nge7 6. Na3 Nf5 7. Nc2 d4 8. Bd3
Be7 9. O-O h5 10. b3 Qb6 11. cxd4 Nfxd4 12. Ncxd4 Nxd4 13. Nxd4 c4 14. Bb2 cxd3
15. Rc1 Bd7 16. Kh1 Rd8 17. Rc4 f6 18. Qf3 O-O 19. Qxh5 fxe5 20. Nf3 Bb5 21.
Re4 Bc6 22. Ree1 e4 23. Ng5 Bxg5 24. fxg5 Qc5 25. Qg6 Qe7 26. Bf6 Qd7 27. Re3
Qf7 28. Qxf7+ Rxf7 29. g4 Rdf8 30. h4 gxf6 31. g6 Rg7 32. h5 f5 33. Rf4 Rc7 34.
Kg1 Kg7 35. gxf5 Rxf5 0-1

[Event "Oberliga Ost B 2018 2019"]
[Site "?"]
[Date "2018.12.15"]
[Round "4.2"]
[White "Siebarth, Raiko"]
[Black "Heinrich, Julius Tobias"]
[Result "1-0"]
[WhiteElo "2250"]
[BlackElo "2085"]
[PlyCount "67"]
[EventDate "2018.10.21"]
[EventType "team-tourn"]
[EventCountry "GER"]
[WhiteTeam "Stadtilm SG BW"]
[BlackTeam "Naumburger SV"]
[WhiteTeamCountry "GER"]
[BlackTeamCountry "GER"]

1. e4 e6 2. d4 d5 3. Nd2 Nf6 4. e5 Nfd7 5. Bd3 c5 6. c3 Nc6 7. Ne2 Qb6 8. Nf3
Be7 9. O-O O-O 10. Nf4 Re8 11. Re1 Nf8 12. Bc2 Bd7 13. Nh5 Ng6 14. h4 Qd8 15.
g3 Rc8 16. Be3 cxd4 17. cxd4 Na5 18. b3 Bb5 19. Ng5 Bf8 20. Nf4 Bb4 21. Qh5 h6
22. Nxf7 Nxf4 23. Bxf4 Qd7 24. Bg6 Re7 25. Nd6 Bxe1 26. Rxe1 Nc6 27. Nxb5 Nxe5
28. Nxa7 Ra8 29. Bxe5 Rxa7 30. Bb1 Qe8 31. Qg4 Ra6 32. Qe2 Rc6 33. Qd3 Qh5 34.
Qh7+ 1-0

[Event "Oberliga Ost B 2018 2019"]
[Site "?"]
[Date "2018.12.15"]
[Round "4.3"]
[White "Gering, Samuel"]
[Black "Schneider, Christian"]
[Result "0-1"]
[WhiteElo "2082"]
[BlackElo "2195"]
[PlyCount "78"]
[EventDate "2018.10.21"]
[EventType "team-tourn"]
[EventCountry "GER"]
[WhiteTeam "Naumburger SV"]
[BlackTeam "Stadtilm SG BW"]
[WhiteTeamCountry "GER"]
[BlackTeamCountry "GER"]

1. d4 Nf6 2. c4 e6 3. Nf3 Bb4+ 4. Bd2 c5 5. e3 b6 6. Bd3 Bb7 7. O-O O-O 8. Bxb4
cxb4 9. Nbd2 d6 10. e4 e5 11. Qb3 a5 12. dxe5 dxe5 13. Nxe5 Na6 14. Rad1 Nc5
15. Qc2 Re8 16. f4 Rxe5 17. fxe5 Ng4 18. Nf3 Ne3 19. Qe2 Nxf1 20. Kxf1 Qe7 21.
Bc2 a4 22. Qe3 h6 23. Qd4 b3 24. axb3 axb3 25. Bb1 Ba6 26. Kf2 Rc8 27. Qd6 Qb7
28. Qd5 Qa7 29. Kg3 Ne6 30. Bd3 Rd8 31. Qc6 Bb7 32. Qb5 Nc5 33. e6 fxe6 34. Be2
Nxe4+ 35. Kh4 Qb8 36. Ne5 Rxd1 37. Bxd1 Qd8+ 38. Kh3 Nf2+ 39. Kg3 Nxd1 0-1

[Event "Oberliga Ost B 2018 2019"]
[Site "?"]
[Date "2018.12.15"]
[Round "4.4"]
[White "George, Tom"]
[Black "Fritsch, Andreas"]
[Result "1-0"]
[WhiteElo "2195"]
[BlackElo "2055"]
[PlyCount "27"]
[EventDate "2018.10.21"]
[EventType "team-tourn"]
[EventCountry "GER"]
[WhiteTeam "Stadtilm SG BW"]
[BlackTeam "Naumburger SV"]
[WhiteTeamCountry "GER"]
[BlackTeamCountry "GER"]

1. e4 Nc6 2. d4 e5 3. Nf3 exd4 4. Bc4 Bc5 5. c3 Nf6 6. O-O dxc3 7. e5 Ng4 8.
Bxf7+ Kf8 9. Nxc3 Ngxe5 10. Bb3 Be7 11. Nxe5 Nxe5 12. Qd5 d6 13. f4 c6 14.
fxe5+ 1-0

[Event "Oberliga Ost B 2018 2019"]
[Site "?"]
[Date "2018.12.15"]
[Round "4.5"]
[White "Haertig, Jens"]
[Black "Siebarth, Marco"]
[Result "1/2-1/2"]
[WhiteElo "2135"]
[BlackElo "2008"]
[PlyCount "76"]
[EventDate "2018.10.21"]
[EventType "team-tourn"]
[EventCountry "GER"]
[WhiteTeam "Naumburger SV"]
[BlackTeam "Stadtilm SG BW"]
[WhiteTeamCountry "GER"]
[BlackTeamCountry "GER"]

1. c4 c5 2. Nc3 d6 3. g3 g6 4. Bg2 Nc6 5. e3 Bg7 6. Nge2 Nh6 7. O-O Nf5 8. Rb1
O-O 9. a3 a5 10. b3 Bd7 11. Bb2 Rb8 12. d3 Na7 13. Qd2 b5 14. a4 b4 15. Nb5
Bxb2 16. Qxb2 Qb6 17. d4 Bc6 18. d5 Bd7 19. e4 Ng7 20. h3 Nc8 21. Rbd1 Qd8 22.
Rfe1 Nb6 23. Qc2 Qc8 24. Kh2 Ra8 25. Ra1 Ne8 26. f4 Nc7 27. Ng1 Nxb5 28. axb5
Ra7 29. Ra2 Qc7 30. Nf3 Rfa8 31. Rea1 f6 32. Ne1 Re8 33. Nd3 e6 34. dxe6 Bxe6
35. f5 Bf7 36. Nb2 gxf5 37. Na4 Nxa4 38. Rxa4 fxe4 1/2-1/2